000 00383nam a22001697a 4500
999 _c3705
_d3704
005 20210831114750.0
008 160623b xxu||||| |||| 00| 0 eng d
020 _a978-81-7733-517-0
041 _aeng
082 _b9616
_a346.066
100 _aPuliani , Ravi
_96841
245 _aCompanies Act
260 _bBharat
300 _a11.247
650 _aManagement
_9241
942 _cBK